LEADER 00880nam a2200229 u 4500 001 000000059115 003 CaOOAMICUS 005 20070226120751.0 008 010622s1929 it u000 u ita u 035 $a10893551 040 $aPUL(R)$bita 100 1 $aBruers, Antonio,$d1887-1954.$0(OLS)http://pul/name/305 245 10$aItalia e cattolicesimo /$cAntonio Bruers. 260 $aFirenze :$bVallecchi,$c1929. 300 $a169 p. ;$c19 cm 504 $aBibliografia a pič pagina. 650 4$aCattolicesimo$zItalia.$0(OLS)http://pul/subject/12221 850 $aPUL 852 $aPUL$W1$xDP1 Altre Collocazioni$y17$mSenza collocazione$j12$nBK-PRI$b $qStampati$B77139$CPULBib$Z2$F77139 $H $81 941 1 $a8 996 $6245$aItalia e cattolicesimo$9(OLS)http://pul/title/79178 996 $6260$aFirenze :$bVallecchi$9(OLS)http://pul/publisher/47977 LEADER 01669nam a2200289 u 4500 001 000000073710 003 CaOOAMICUS 005 20120907110025.0 008 021021m20022004nyu u000 u eng r 035 $a10942549 040 $aPUL$bita 245 00$aProperty and Trust Law /$cProf. Dr. R. Blanpain editor. 260 $aThe Hague ;$aLondon :$bKlumer Law International,$c2002-2004. 300 $a3 v. ;$c25 cm 490 1 $aInternational encyclopaedia of laws 504 $aContiene indicazioni bibliografiche e indici. 505 0 $av. 1: General Section, Front Matter, Australia, Hellas, The Philippines, Singapore. -- v. 2: Spain, South Africa, Supplement 2 South Africa. -- v. 3: South Africa Supplement 6. 650 4$aDiritto.$0(OLS)http://pul/subject/491 700 1 $aBlanpain, Roger.$0(OLS)http://pul/name/39377 830 0$aInternational encyclopaedia of laws.$0(OLS)http://pul/title/64945 850 $aPUL 852 $aPUL$W1$xDP2 Diritto e Scienze Sociali 2$y100$mUtrCiv C 10.19.1$j95236$nBK-PRI$av. 1$qStampati Altre Collocazioni$B95236$CPULBib$Z2$F95236 $H90199 $82 852 $aPUL$W1$xDP2 Diritto e Scienze Sociali 2$y100$mUtrCiv C 10.19.2$j150501$nBK-PRI$av. 2$qStampati Altre Collocazioni$B149020$CPULBib$Z2$F149020 $H96723 $82 852 $aPUL$W1$xDP2 Diritto e Scienze Sociali 2$y100$mUtrCiv C 10.19.3$j150502$nBK-PRI$av. 3$qStampati Altre Collocazioni$B149021$CPULBib$Z2$F149021 $82 941 1 $a10 996 $6245$aProperty and Trust Law$9(OLS)http://pul/title/96851 996 $6260$aThe Hague ;$aLondon :$bKlumer Law International$9(OLS)http://pul/publisher/67050 LEADER 01217naa a2200253 u 4500 001 000000101920 003 CaOOAMICUS 005 20070226130208.0 008 060322s1999 it u000 u ita u 035 $a11082526 040 $aIAR$bita 100 1 $aMonti, Carla Maria.$0(OLS)http://pul/name/63499 245 10$aEpisodi della fortuna di Seneca tragico nel Trecento /$cCarla Maria Monti, Francesca Pasut. 260 $aMilano :$bVita e pensiero,$c1999. 300 $aS. 513-547 ;$c25 cm 500 $aIAR: FF-85.73 505 1 $aCarla Maria Mont: Un'edizione tardo trecentesca delle tragedie di Seneca --- Francesca Pasut: I miniatori del Vaticanl Lat. 1645 e del Laurenziano 37.5 (altri codici bolognesi dells >tragedie< di Seneca). 600 14$aSeneca, Lucius Annaeus,$d5/4 a.C.-65 d.C.$0(OLS)http://pul/subject/8413 700 1 $aPasut, Francesca.$0(OLS)http://pul/name/63500 730 0 $aAevum$g[Spogli].$0(OLS)http://pul/title/11692 773 0 $tAevum$g73 (1999)$w()8026 960 $aSeneca, Lucio Anneo, $d5/4 a.C.-65 d.C.?$98413 996 $6245$aEpisodi della fortuna di Seneca tragico nel Trecento$9(OLS)http://pul/title/128827 996 $6260$aMilano :$bVita e pensiero$9(OLS)http://pul/publisher/48016